| 000 | 00000nam 2200000zi 4500 |
| 001 | 9.938049 |
| 003 | CaOODSP |
| 005 | 20240726102329 |
| 006 | m o d f |
| 007 | cr mn||||||||| |
| 008 | 240506s2012####onc ob f|0| 0 eng d |
| 040 | |aCaOODSP|beng|erda|cCaOODSP |
| 043 | |an-cn--- |
| 086 | 1 |aA104-566/2012E-PDF |
| 245 | 00|aFood Safety Action Plan report : |b2011-2012 targeted surveys - allergens : undeclared egg in pasta. |
| 246 | 10|aUndeclared egg in pasta |
| 264 | 1|a[Ottawa] : |bCanadian Food Inspection Agency = Agence canadienne d'inspection des aliments, |c[2012] |
| 300 | |a1 online resource (8 pages) |
| 336 | |atext|btxt|2rdacontent |
| 337 | |acomputer|bc|2rdamedia |
| 338 | |aonline resource|bcr|2rdacarrier |
| 500 | |aCover title. |
| 500 | |a"TS-CHEM-11/12." |
| 500 | |a"RDIMS: 3380857." |
| 500 | |aIssued also in French under title: Plan d’action pour assurer la sécurité des produits alimentaires rapport : 2011-2012 études ciblées - allergènes : présence non déclarée d’œufs dans les pâtes alimentaires. |
| 504 | |aIncludes bibliographical references (page 8). |
| 520 | |a"The main objectives of the undeclared egg in pasta survey were: To obtain baseline information regarding the presence and levels of undeclared egg in pasta. To identify potential food safety concerns relating to undeclared egg in pasta"--Executive summary, page 2. |
| 650 | 0|aAllergens|zCanada. |
| 650 | 0|aFood allergy|zCanada. |
| 650 | 0|aFood adulteration and inspection|zCanada. |
| 710 | 2 |aCanadian Food Inspection Agency, |eissuing body. |
| 775 | 08|tPlan d’action pour assurer la sécurité des produits alimentaires rapport : |w(CaOODSP)9.941115 |
| 856 | 40|qPDF|s343 KB|uhttps://publications.gc.ca/collections/collection_2024/acia-cfia/A104-566-2012-eng.pdf |